Las Mujeres inteligentes corren riesgo : (Registro nro. 11277)

Detalles MARC
000 -LIDER
fixed length control field 00870nam a22002657a 4500
001 - NÚMERO DE CONTROL
Identificador de número de control 00000221
003 - IDENTIFICACDOR DE NÚMERO DE CONTROL
control field DO-SdBNP
005 - DATE AND TIME OF LATEST TRANSACTION
control field 20171110132005.0
007 - CAMPOS FIJOS DE DESCRIPCIÓN FÍSICA
fixed length control field 00000221
008 - ELEMENTOS DE LONGITUD FIJA
fixed length control field 160902b 2007 mx a |||| |||| 00| 0 spa d
040 ## - FUENTE DE CATALOGACIÓN
Agencia que crea de manera original el registro BPMSU
Idioma de catalogación spa
Agencia que realiza la transcripción BPMSU
082 ## - NÚMERO DE CLASIFICACIÓN DECIMAL DE DEWEY
Classification number 650.1082
Item number L616m
100 ## - ASIENTO PRINCIPAL -- NOMBRE PERSONAL
Nombre personal Lerner, Helene
245 14 - MENCIÓN DE TITULO
Título Las Mujeres inteligentes corren riesgo :
Subtítulo seis pasos para superar tus temores y alcanzar el éxito /
Mención de responsabilidad Helene Lerner.
260 ## - PUBLICACIÓN, DISTRIBUCIÓN, ETC. (PIE DE IMPRENTA)
Lugar de publicación, distribución, etc México, D.F. :
Nombre del editor, distribuidor, etc. Aguilar,
Fecha de publicación, distribución, etc 2007.
300 ## - DESCRIPCIÓN FÍSICA
Extensión 243 p. :
Dimensiones 23 cm.
500 ## - NOTA GENERAL
Materiales especificados incluye breve biografía de la autora.
650 #4 - ENCABEZAMIENTO DE MATERIA--TEMÁTICO
Término temático o nombre geográfico como elemento de entrada MUJERES
Subdivisión temática general ORIENTACIÓN VOCACIONAL
650 #4 - ENCABEZAMIENTO DE MATERIA--TEMÁTICO
Término temático o nombre geográfico como elemento de entrada PRUEBAS DEL RIESGO (PSICOLOGÍA)
650 #4 - ENCABEZAMIENTO DE MATERIA--TEMÁTICO
Término temático o nombre geográfico como elemento de entrada ÉXITO EN LOS NEGOCIOS
910 ## - VALIDACIÓN
Validación Validado. Control de calidad MFF
942 ## - ADDED ENTRY ELEMENTS (KOHA)
Source of classification or shelving scheme Dewey Decimal Classification
Koha item type Libros
945 ## - INFORMACIÓN DE PROCESAMIENTO LOCAL
Información de procesamiento local Inventariado, 2017/MFF
956 ## - LOCAL ELECTRONIC LOCATION AND ACCESS (OCLC)
Método de acceso MCABRERA
Materiales especificados 10
Enlace 20160902
Campo enlazado y núm. de secuencia BPMSU
Existencias
Withdrawn status Lost status Source of classification or shelving scheme Damaged status Not for loan Collection code Home library Current library Date acquired Source of acquisition Total Checkouts Full call number Barcode Date last seen Price effective from Koha item type Copy number
    Dewey Decimal Classification     Colección General Biblioteca Pública Metropolitana Salomé Ureña Biblioteca Pública Metropolitana Salomé Ureña 09/23/2016 Alfaguara   650.1082 L616m BPMSU16090473 09/23/2016 09/23/2016 Libros  
    Dewey Decimal Classification     Colección General Biblioteca Pública Metropolitana Salomé Ureña Biblioteca Pública Metropolitana Salomé Ureña 09/23/2016 Alfaguara   650.1082 L616m BPMSU16090474 09/23/2016 09/23/2016 Libros e.2